The functional art : (Record no. 19650)
[ view plain ]
| 000 -LEADER | |
|---|---|
| fixed length control field | 01046cam a22002895a 4500 |
| 001 - CONTROL NUMBER | |
| control field | 17562701 |
| 005 - DATE AND TIME OF LATEST TRANSACTION | |
| control field | 20151013102443.0 |
| 006 - FIXED-LENGTH DATA ELEMENTS--ADDITIONAL MATERIAL CHARACTERISTICS--GENERAL INFORMATION | |
| fixed length control field | a||||f ||z 00| 0 |
| 008 - FIXED-LENGTH DATA ELEMENTS--GENERAL INFORMATION | |
| fixed length control field | 121214t2013 caua frb 001 0 eng d |
| 020 ## - INTERNATIONAL STANDARD BOOK NUMBER | |
| International Standard Book Number | 9780321834737 |
| 020 ## - INTERNATIONAL STANDARD BOOK NUMBER | |
| International Standard Book Number | 0321834739 |
| 040 ## - CATALOGING SOURCE | |
| Original cataloging agency | BTCTA |
| Language of cataloging | eng |
| Transcribing agency | BTCTA |
| Modifying agency | YDXCP |
| -- | NDD |
| -- | OMB |
| -- | MYG |
| -- | TMI |
| -- | ORU |
| -- | TOH |
| -- | DLC |
| -- | EG-ScBUE |
| 082 04 - DEWEY DECIMAL CLASSIFICATION NUMBER | |
| Classification number | 006.6 |
| Item number | CAI |
| Edition number | 22 |
| 100 1# - MAIN ENTRY--PERSONAL NAME | |
| Personal name | Cairo, Alberto, |
| Dates associated with a name | 1974- |
| 9 (RLIN) | 38337 |
| 245 14 - TITLE STATEMENT | |
| Title | The functional art : |
| Remainder of title | an introduction to information graphics and visualization / |
| Statement of responsibility, etc | Alberto Cairo. |
| 260 ## - PUBLICATION, DISTRIBUTION, ETC. (IMPRINT) | |
| Place of publication, distribution, etc | Berkeley : |
| Name of publisher, distributor, etc | New Riders, |
| Date of publication, distribution, etc | c.2013. |
| 300 ## - PHYSICAL DESCRIPTION | |
| Extent | xxi, 363 p. : |
| Other physical details | ill. (col.) ; |
| Dimensions | 23 cm. + |
| Accompanying material | 1 DVD. |
| 500 ## - GENERAL NOTE | |
| General note | "Includes a complete introductory information graphics video course"--Cover. |
| 500 ## - GENERAL NOTE | |
| General note | Index : p. 354-363. |
| 504 ## - BIBLIOGRAPHY, ETC. NOTE | |
| Bibliography, etc | Bibliography : p. 351-353. |
| 650 #7 - SUBJECT ADDED ENTRY--TOPICAL TERM | |
| Topical term or geographic name as entry element | Computer graphics. |
| Source of heading or term | BUEsh |
| 9 (RLIN) | 3615 |
| 650 #0 - SUBJECT ADDED ENTRY--TOPICAL TERM | |
| Topical term or geographic name as entry element | Charts, diagrams, etc. |
| General subdivision | Design. |
| Source of heading or term | BUEsh |
| 650 #0 - SUBJECT ADDED ENTRY--TOPICAL TERM | |
| Topical term or geographic name as entry element | Information visualization. |
| Source of heading or term | BUEsh |
| 651 ## - SUBJECT ADDED ENTRY--GEOGRAPHIC NAME | |
| Source of heading or term | BUEsh |
| 653 ## - INDEX TERM--UNCONTROLLED | |
| Resource For college | Communication and mass media |
| Arrived date list | June2015 |
| -- | August2015 |
| 942 ## - ADDED ENTRY ELEMENTS (KOHA) | |
| Source of classification or shelving scheme | Dewey Decimal Classification |
| Withdrawn status | Lost status | Source of classification or shelving scheme | Damaged status | Not for loan | Koha collection | Home library | Current library | Shelving location | Date acquired | Source of acquisition | Cost, normal purchase price | Serial Enumeration / chronology | Total Checkouts | Full call number | Barcode | Date last seen | Cost, replacement price | Koha item type |
|---|---|---|---|---|---|---|---|---|---|---|---|---|---|---|---|---|---|---|
| Dewey Decimal Classification | Alahram | Central Library | Central Library | Lower Floor | 15/06/2015 | 298.00 | 307 | 006.6 CAI | 000038745 | 15/07/2025 | 372.50 | Book - Borrowing | ||||||
| Dewey Decimal Classification | Alahram | Central Library | Central Library | Lower Floor | 13/08/2015 | 298.00 | 307 | 006.6 CAI | 000039690 | 24/08/2022 | 372.50 | CD | DVD - With book |